000 01022nam a2200301 i 4500
003 DO-SdBNP
005 20260427134026.0
007 ta
008 221006b2022 dr a|||| |||| 00| 0 spa d
020 _a9789945629149
040 _aDO-SdBNP
_bspa
_cBNPHU
_erda
082 4 _aRD863.44
_bD542L
_222
100 1 _aDíaz Fernández, Aída,
_d1958-
_eautora
_982497
245 1 0 _aLaureles y pájaros /
_cAída Díaz Fernández
264 _aSanto Domingo :
_bBanco Central de la República Dominicana,
_c2022.
300 _a235 páginas :
_bilustraciones ;
_c23 cm.
336 _2rdacontent
_atexto
_btxt
337 _2rdamedia
_asin mediación
_bn
338 _2rdacarrier
_avolumen
_bnc
490 _aBanco Central de la República Dominicana
_v290
490 _aArte y Literatura
_v109
500 _aIncluye datos biográficos de la autora en las solapas
590 _aInventariado, 2022/BT
650 4 _aCuentos dominicanos
650 4 _aLiteratura dominicana
_ySiglo XX
_985167
910 _aBtavárez
942 _2ddc
_cLBS1
999 _c52527
_d52527